Pedro Antonio de Veciana y sus aguerridos mozos /
Descripción Física:
Il·lustracions
Colección:
San Jorge,
; núm. 1 (gener 1951), pàg. 13-14
Materias:
Veciana i Rabassa, Pere Anton, -- aproximadament 1677-1736
; Catalunya. -- Mossos d'Esquadra -- Història
Idioma:
Español
MARC
| LEADER | 00000naa a2200000 a 4500 | ||
|---|---|---|---|
| 003 | Arxiu | ||
| 005 | 20260324181033.0 | ||
| 008 | 160829s1951 spcaxx s spa c | ||
| 040 | |a agdb | ||
| 100 | 1 | |a Tarín Iglesias, Josep, |d 1915-1996 |9 21614 | |
| 245 | 1 | 0 | |a Pedro Antonio de Veciana y sus aguerridos mozos / |c por José Tarín Iglesias |
| 300 | |b Il·lustracions | ||
| 490 | |a San Jorge, |v núm. 1 (gener 1951), pàg. 13-14 | ||
| 600 | 1 | 0 | |9 54630 |a Veciana i Rabassa, Pere Anton, |d aproximadament 1677-1736 |
| 610 | 0 | |a Catalunya. |b Mossos d'Esquadra |x Història |9 54629 | |
| 773 | |t San Jorge. |g Núm. 1 (gener 1951), pàg. 13-14 | ||
| 901 | |a Arxiu | ||
| 942 | |n 1 |2 udc |c ART | ||
| 952 | |0 0 |1 0 |4 0 |7 1 |9 64184 |a Arxiu |b Arxiu |d 2022-11-14 |o Rev-508 |r 2022-11-14 00:00:00 |w 2022-11-14 |y ARXIU |z També disponible a Rev-521 | ||
| 999 | |c 48069 |d 48069 | ||